000 00766 a2200205 4500
999 _c4439
_d4439
010 _aENG-86309
020 _a8172148704
_c300.00
035 _aEN-69842
037 _bDBAD / PUB
082 1 4 _a301.0954
100 1 _aZiegenbalg, Bartholomaeus
245 1 _aA German exploration of Indian society :
_bZiegenbalg's "Malabarian Heathenism" : an annonated English translation with an introduction and a glossary/
_cby Daniel Jeyaraj
260 _aNew Delhi
_bIndian Society for Promoting Christian Knowledge
_c2006
300 _axiv, 418 p.
_c24 cm. (Pbk)
500 _aIncludes bibliographical references
650 0 _aHinduism
650 0 _aTamil (Indic people)
_xReligion
700 1 _aJeyaraj, Daniel.
942 _adpl
_cEN
_2ddc
_h301.0954
_mJEY